000 00987nam a22003137a 4500
001 BR7807069
003 BR-BrBNA
005 20230928085806.0
007 ta
008 230509b bl.||||| |||| 00| 0 por d
040 _aBR-BrBNA
_bpor
_cBiblioteca Nacional de Agricultura
041 _a(Por)
072 _aE30; E10
_b/G514
090 _ E30 BR7807069
110 1 _aFundacao Instituto de Desenvolvimento Economico e Social do Rio de Janeiro, RJ (Brasil)
_94947
245 1 _aOportunidades agroindustriais: localizacao e identificacao; infra-estrutura economica [Rio de Janeiro, Brasil]
260 3 _aRio de Janeiro, RJ (Brasil):
_c1978.
300 _a88 p.
500 _a25 tables; 15 ref.
650 _aINDUSTRIA AGRICOLA
650 _aDESENVOLVIMENTO ECONOMICO
650 _aTRANSPORTE
650 _aCOMUNICACAO
650 _aENERGIA ELETRICA
650 _aABASTECIMENTO DE AGUA
650 _aRIO DE JANEIRO
909 _a202309
_bLucia
_c55
_dLucia Elande
942 _cBK
999 _c26362
_d26362